Jelita (Record no. 149807)

MARC details
000 -LEADER
fixed length control field 00495nas a2200193 i 4500
001 - CONTROL NUMBER
control field 2-00323146
003 - CONTROL NUMBER IDENTIFIER
control field PPAK
005 - DATE AND TIME OF LATEST TRANSACTION
control field 20180729123414.0
008 - FIXED-LENGTH DATA ELEMENTS--GENERAL INFORMATION
fixed length control field 131007s my |||| ||||| | may d
022 ## - INTERNATIONAL STANDARD SERIAL NUMBER
International Standard Serial Number 0126-6594 ; 9770126659000
040 ## - CATALOGING SOURCE
Original cataloging agency PPAK
Language of cataloging eng
Transcribing agency PPAK
Description conventions rda
245 00 - TITLE STATEMENT
Title Jelita
264 #1 - PRODUCTION, PUBLICATION, DISTRIBUTION, MANUFACTURE, AND COPYRIGHT NOTICE
Place of production, publication, distribution, manufacture Kuala Lumpur:
Name of producer, publisher, distributor, manufacturer Berita Publishing,
336 ## - CONTENT TYPE
Source rdacontent
Content type term text
337 ## - MEDIA TYPE
Source rdamedia
Media type term unmediated
338 ## - CARRIER TYPE
Source rdacarrier
Carrier type term volume
650 10 - SUBJECT ADDED ENTRY--TOPICAL TERM
Topical term or geographic name entry element Women - Periodicals
942 ## - ADDED ENTRY ELEMENTS (KOHA)
-- dc
Koha item type Serial
Holdings
Withdrawn status Lost status Source of classification or shelving scheme Damaged status Not for loan Home library Current library Shelving location Date acquired Source of acquisition Cost, normal purchase price Serial Enumeration / chronology Full call number Barcode Date last seen Cost, replacement price Price effective from Koha item type
    Dewey Decimal Classification     Perpustakaan Alor Setar Perpustakaan Alor Setar G 04/11/2014 Syarikat Mohamed Farook 7.00 November 2014 305.4 JEL A00607804 03/04/2018 7.00 03/04/2018 Serial
    Dewey Decimal Classification     Perpustakaan Alor Setar Perpustakaan Alor Setar G 27/05/2020 Syarikat Mohamed Farook 7.00 April / Mei 2020 305.4 JEL A00624648 27/05/2020 7.00 27/05/2020 Serial
    Dewey Decimal Classification Pelupusan   Perpustakaan Yan Perpustakaan Yan G 05/02/2020 Syarikat Mohamed Farook 7.00 Februari / Mac 2020 305.4 JEL A00162534 21/03/2021 7.00 05/02/2020 Serial